00311nam a2200121Ia 4500008004100000082002100041100002000062245003700082250000800119260003300127300001000160650001900170150201s2010 xx 000 0 und d a616.0707bO2010N aNEVILLE,BRAD W. aORAL AND MAXILLOFACIAL PATHOLOGY a3RD bSAUNDERSaPHILADELPHIAc2010 a1-968 aORAL PATHOLOGY